| 000 | 00476nam a2200169Ia 4500 | ||
|---|---|---|---|
| 999 |
_c13772 _d13772 |
||
| 003 | OSt | ||
| 005 | 20201106095326.0 | ||
| 008 | 190216s9999||||xx |||||||||||||| ||und|| | ||
| 040 | _coclc | ||
| 082 |
_a823 _bANA/C |
||
| 100 |
_aAnand, Mulk Raj _95873 |
||
| 245 | 0 |
_aCoolie / _cMulk Raj Anand |
|
| 260 |
_bArnold Publishers, _c1996. _aNew Delhi: |
||
| 300 | _a160p | ||
| 650 | _aEnglish Novel-English Novel | ||
| 942 |
_cBK _2ddc _h823 _iANA/C _k823 _mANA/C |
||